Statistics for Premier League French Best Scorer by Year

Click here to take the quiz!

General Stats

  • This quiz has been taken 568 times
    (460 since last reset)
  • The average score is 8 of 13

Answer Stats

Scorer% Correct
Thierry Henry
99%
Anthony Martial
93%
Olivier Giroud
91%
Alexandre Lacazette
88%
Eric Cantona
81%
Paul Pogba
81%
Nicolas Anelka
69%
Neal Maupay
62%
Florent Malouda
49%
Louis Saha
32%
David Ginola
29%
Djibril Cissé
21%
Mickaël Madar
3%

Score Distribution

Percentile by Number Answered

Percent of People with Each Score

Your Score History

You have not taken this quiz since the last reset